[Event "10th LCC FIDE Open 2018"]
[Site "London"]
[Date "2018.12.10"]
[Round "3"]
[White "Milliet, Sophie"]
[Black "Melkumyan, Hrant"]
[Result "0-1"]
[WhiteElo "2376"]
[BlackElo "2670"]
[Annotator "TA"]
[PlyCount "74"]
[EventDate "2018.12.09"]
[EventType "swiss"]
[EventCountry "ENG"]
[SourceTitle "playchess.com"]
[Source "ChessBase"]
[SourceQuality "1"]

{[%evp 20,74,68,56,57,61,54,10,61,14,34,31,29,39,49,29,71,86,89,81,76,66,94,85,172,153,241,232,245,185,254,286,268,190,170,174,175,42,80,0,0,-496,-495,-484,-491,-491,-475,-1333,-1343,-1271,-1254,-6211,-6211,-6203,-6175,-935,-623]} 1. e4 e6 2. d4 d5 3. e5 c5 4. c3 Nc6 5. Nf3 Bd7 6. Be2 Nge7 7. Na3 Ng6 8. h4 {[%cal Bh2h4,Bh4h5][%mdl 32] C02: French: Advance Variation} cxd4 9. cxd4 Bb4+ 10. Kf1 h6 11. h5 {LiveBook: 11 Games} Nge7 12. Nc2 Ba5 13. Bd2 $146 {[%cal Bc1d2,Bd2c3,Bc3b2,Bb2a3][%mdl 32]} ({Predecessor:} 13. a3 Bb6 14. b4 O-O 15. g4 f6 16. exf6 Rxf6 {½-½ (31) Karpatchev,A (2474)-Gomez,J (2527) Moscow 2011}) 13... Bb6 (13... Bxd2 $11 14. Qxd2 O-O) 14. Bd3 a6 15. Rh4 Nf5 16. Rf4 Rc8 17. Bc3 Qc7 18. Kg1 Ba5 19. b4 Bb6 20. Bb2 Nfe7 21. Nh4 Nd8 (21... f5 $16) 22. a4 $18 {[%cal Ba2a4,Ba4b5][%mdl 32]} f5 (22... O-O $16 23. b5 axb5) 23. b5 $1 axb5 24. axb5 O-O (24... Nf7 {was called for.} 25. Ba3 Rg8) 25. Ba3 Be8 26. g4 Nf7 27. gxf5 Ng5 {[#]} 28. Kh2 ({White should try} 28. Kg2 $1 $18) 28... exf5 $1 $14 29. Nxf5 (29. Bxe7 $16 Qxe7 30. Nxf5 (30. Rxf5 Bf7 $14)) 29... Rxf5 $11 30. Rxf5 $4 {[%mdl 8192]} (30. Bxf5 $11 {and White has nothing to worry.} Nxf5 31. Rxf5 Qxc2 32. Rf8+ Kh7 33. Qxc2+ Rxc2 34. Rxe8 Rxf2+ 35. Kg3 Bxd4 36. Rd1) 30... Nxf5 $19 {Black is clearly winning.} 31. Bxf5 {[#] And now Qg4 would win.} Qf7 $1 {[%cal Rf7f5]} 32. Ne3 {[#]} ({Stronger than} 32. Bxc8 Qxf2+ 33. Kh1 Nf3) 32... Bxd4 $1 {[%mdl 576] Double Attack} 33. Rc1 (33. Be7 $142 Qxe7 34. Bxc8 Qxe5+ {[%mdl 64] Double Attack} 35. Kg2 Qe4+ 36. Kg1 Bxa1 37. Qxd5+ Qxd5 38. Nxd5) (33. Qxd4 Nf3+) 33... Rxc1 34. Bxc1 Bxe3 35. Bxe3 Qxf5 36. Qxd5+ Kh7 {( -> ...Qh3+)} 37. Bxg5 hxg5 {Accuracy: White = 53%, Black = 51%.} 0-1

[Event "10th LCC FIDE Open 2018"]
[Site "London"]
[Date "2018.12.10"]
[Round "3"]
[White "Bates, Richard A"]
[Black "Stone, Andrew M"]
[Result "1/2-1/2"]
[WhiteElo "2372"]
[BlackElo "2157"]
[Annotator "TA"]
[PlyCount "56"]
[EventDate "2018.12.09"]
[EventType "swiss"]
[EventCountry "ENG"]
[SourceTitle "playchess.com"]
[Source "ChessBase"]
[SourceQuality "1"]

{[%evp 14,56,21,18,35,36,52,56,45,43,50,39,48,50,44,38,58,50,53,58,56,57,88,33,69,18,25,0,0,0,0,0,0,0,0,0,0,-11,-21,-12,-17,-37,-35,-47,-47]} 1. d4 d5 2. c4 e6 3. Nf3 Nf6 4. g3 dxc4 5. Bg2 Bb4+ 6. Bd2 c5 {E04: Open Catalan: 5 Nf3} 7. Bxb4 cxb4 8. a3 {LiveBook: 5 Games} Nc6 {The position is equal.} 9. axb4 Nxb4 $146 ({Predecessor:} 9... Qb6 10. O-O O-O 11. Qc2 Nxb4 12. Qxc4 Bd7 13. Nc3 Nc2 14. Rab1 {1-0 (56) Fressinet,L (2702)-Brkic,A (2597) Baku 2015}) 10. Qa4+ {[%mdl 64] [#] Double Attack} Nc6 11. Qxc4 Bd7 12. O-O Rc8 13. Nc3 O-O 14. Rfd1 a6 15. Qb3 Qc7 16. e4 Na5 17. Qa2 Nc4 {[%cal Ba5c4,Bc4b6,Bb6d7,Bd7e5][%mdl 32]} 18. Rac1 (18. e5 $16 Nd5 19. Nxd5 exd5 20. Rdc1) 18... Qa5 19. Qb1 (19. Qxa5 $14 Nxa5 20. Nd2) 19... h6 $11 20. e5 Nd5 21. Nxd5 exd5 22. b3 Nb6 23. Rc5 Qb4 24. Rdc1 Be6 25. Qd3 Rxc5 26. dxc5 Nd7 27. c6 bxc6 28. Rxc6 Nxe5 {Accuracy: White = 43%, Black = 60%.} 1/2-1/2

[Event "10th LCC FIDE Open 2018"]
[Site "London"]
[Date "2018.12.10"]
[Round "3"]
[White "Wadsworth, Matthew J"]
[Black "Yuffa, Daniil"]
[Result "0-1"]
[WhiteElo "2364"]
[BlackElo "2572"]
[Annotator "TA"]
[PlyCount "64"]
[EventDate "2018.12.09"]
[EventType "swiss"]
[EventCountry "ENG"]
[SourceTitle "playchess.com"]
[Source "ChessBase"]
[SourceQuality "1"]

{[%evp 11,64,10,0,0,30,-15,-15,-52,-58,-70,-43,-31,-27,-60,-70,-60,-65,-110,-93,-176,-154,-160,-177,-177,-146,-245,-179,-287,-203,-264,-185,-313,-213,-225,-227,-236,-225,-220,-213,-244,-253,-252,-256,-255,-232,-387,-372,-374,-377,-496,-491,-481,-462,-578,-600]} 1. c4 c6 2. Nf3 d5 3. g3 Nf6 4. Bg2 Bf5 5. cxd5 cxd5 6. Qb3 Nc6 {LiveBook: 61 Games. A11: English Opening: 1...c6} 7. Nc3 (7. Qxb7 Bd7 8. Qb3 e5 9. O-O e4 10. Ne1 Rb8 11. Qd1 h5 12. d3 h4 13. Bf4 hxg3 14. Bxg3 {½-½ (23) Artemiev,V (2697)-Petrosian,T (2589) Moscow 2018}) 7... Qd7 8. d3 d4 $146 {[#] Hoping for ...Be6.The position is equal.} ({Predecessor:} 8... e5 9. O-O d4 10. e4 Be6 11. Nd5 O-O-O 12. Nxf6 gxf6 13. Qa4 Kb8 14. Bd2 h5 {1-0 (33) Khader,S (2373)-Alothman,A (2056) Baku 2016}) 9. Nb5 e5 10. Bd2 Be7 11. Na3 O-O $36 {[%mdl 2048] Black has the initiative.} 12. O-O e4 {...Be6 is the strong threat.} 13. dxe4 Nxe4 14. Bf4 Nc5 15. Qb5 (15. Qd1 $17) 15... a6 $19 16. Qc4 b5 17. Qc1 Rac8 18. Rd1 (18. Nc2 $17) 18... Na4 19. Nh4 (19. Nc2 {was worth a try.}) 19... Bg4 20. Qd2 Qe6 {Strongly threatening ...Bb4.} 21. Nf3 (21. Bxc6 $142 Qxc6 22. Rdc1) 21... Bxf3 22. Bxf3 Bb4 23. Qc2 {[#] Qb3 would now be nice for White.} d3 $1 {[%mdl 512]} 24. Rxd3 (24. Qxd3 Nxb2) 24... Ne5 {[%mdl 64] Discovered Attack} 25. Qb1 Nxd3 26. exd3 Bd6 27. Be3 f5 {[%cal Bf7f5,Bf5f4][%mdl 32] And now ...f4 would win.} 28. Nc2 $2 (28. Bd4) 28... f4 29. Nd4 Qf6 30. Bd5+ Kh8 {Black is clearly winning.} 31. gxf4 Bxf4 32. Kh1 Rcd8 {Accuracy: White = 33%, Black = 84%.} 0-1

[Event "10th LCC FIDE Open 2018"]
[Site "London"]
[Date "2018.12.10"]
[Round "3"]
[White "Lane, Gary W"]
[Black "Pert, Nicholas"]
[Result "0-1"]
[WhiteElo "2353"]
[BlackElo "2546"]
[Annotator "TA"]
[PlyCount "102"]
[EventDate "2018.12.09"]
[EventType "swiss"]
[EventCountry "ENG"]
[SourceTitle "playchess.com"]
[Source "ChessBase"]
[SourceQuality "1"]

{[%evp 24,102,27,35,51,22,20,12,26,8,15,0,3,9,18,8,8,4,5,-11,-14,-19,-6,-23,-8,-30,0,-75,-85,-84,-77,-91,-91,-91,-91,-95,-39,-64,-64,-80,-80,-80,-79,-78,-80,-91,-83,-102,-89,-102,-95,-99,-94,-127,-125,-125,-127,-127,-130,-124,-117,-129,-122,-141,-128,-141,-141,-141,-141,-163,-141,-167,-166,-233,-233,-210,-214,-204,-185,-367,-357]} 1. e4 c5 2. Nf3 Nc6 3. d4 cxd4 4. Nxd4 e5 5. Nb5 {[%cal Bd4b5,Bb5a3,Ba3c4,Bc4e3,Be3d5][%mdl 32]} d6 6. N1c3 a6 7. Na3 Be7 8. Nc4 b5 {B32: Sicilian: Löwenthal and Kalashnikov Variations} 9. Ne3 Nf6 10. Bd3 (10. a3 O-O 11. g3 Nd4 12. Bg2 Be6 13. O-O a5 14. Ne2 Nxe2+ 15. Qxe2 Rb8 16. a4 b4 17. b3 Qb6 18. Bb2 Qc5 19. Kh1 Bd8 20. f4 Bb6 {½-½ (20) Tomczak,J (2583)-Edouard,R (2607) Germany 2018}) 10... O-O 11. O-O Rb8 12. Ncd5 Nxd5 13. Nxd5 {LiveBook: 7 Games} Bg5 14. c3 Bxc1 15. Rxc1 Ne7 16. Nxe7+ Qxe7 17. Bc2 $146 Be6 18. Bb3 Rfc8 19. Qd2 Bc4 20. Rfd1 Rc6 21. f4 exf4 22. Qxf4 h6 23. Rd4 Qe5 $36 {[%mdl 2048] Black fights for an advantage.} 24. Qd2 Qe6 (24... a5 {is interesting.} 25. Bxc4 Rxc4 26. Rd1 Qc5 27. Qf2 b4) 25. Rd1 (25. Bxc4 $11 {remains equal.} bxc4 26. Qe2) 25... Bxb3 $17 26. axb3 Qxb3 27. Rxd6 Rxd6 28. Qxd6 {[%mdl 4160] [#] Endgame Double Attack. KQR-KQR} Re8 29. Rd2 Qa2 ({Black should try} 29... Rxe4 $17 30. Qc6 Re6) 30. Qd3 Qa1+ 31. Qf1 Qxf1+ 32. Kxf1 Rxe4 {KR-KR} 33. Kf2 Kf8 34. Kf3 Re1 35. Kf2 Rc1 36. Re2 Rd1 37. Kf3 Rd6 38. h4 Rf6+ 39. Kg3 Re6 40. Rd2 Ke7 41. Kf4 h5 42. g3 Rf6+ 43. Ke4 g6 44. Ke3 Rd6 45. Rc2 Re6+ 46. Kd4 Kd6 47. b3 Kc6 48. Rf2 (48. c4 {was worth a try.}) 48... f5 $19 49. Kd3 a5 50. c4 Re4 51. Ra2 $2 {[#]} (51. cxb5+ Kb6 52. Rf3) 51... Kb6 $1 {Accuracy: White = 32%, Black = 77%.} 0-1

[Event "10th LCC FIDE Open 2018"]
[Site "London"]
[Date "2018.12.10"]
[Round "3"]
[White "Sowray, Peter J"]
[Black "Turner, Matthew J"]
[Result "1/2-1/2"]
[WhiteElo "2342"]
[BlackElo "2533"]
[Annotator "TA"]
[PlyCount "40"]
[EventDate "2018.12.09"]
[EventType "swiss"]
[EventCountry "ENG"]
[SourceTitle "playchess.com"]
[Source "ChessBase"]
[SourceQuality "1"]

{[%evp 13,40,26,17,0,0,0,10,0,0,1,15,-63,-47,-66,-49,-45,-47,-247,-226,-232,49,45,50,32,114,110,127,119,145]} 1. d4 Nf6 2. c4 e6 3. Nc3 Bb4 4. e3 c5 5. Nge2 {[%cal Bg1e2,Be2d4,Bd4b3,Bb3c5][%mdl 32]} d6 {[%cal Bd7d6,Bd6d5,Bd5c4][%mdl 32]} 6. a3 Ba5 7. g3 {E42: Nimzo-Indian: Rubinstein: 4...c5 5 Ne2} d5 {LiveBook: 7 Games} 8. Bg2 cxd4 9. Nxd4 $146 {The position is equal.} ({Predecessor:} 9. exd4 dxc4 10. Bg5 O-O 11. O-O Nbd7 12. Ne4 Rb8 13. Qc1 h6 14. Nxf6+ Nxf6 15. Bf4 Bc7 {½-½ (15) Tran,T (2503)-Iturrizaga Bonelli,E (2673) Ho Chi Minh City 2017}) 9... e5 10. Nb3 Bxc3+ 11. bxc3 {[%cal Rc4d5]} Bg4 12. Qc2 (12. f3 $11 Be6 13. cxd5 Qxd5 14. Qxd5 Bxd5 15. Na5) 12... dxc4 $15 13. Nc5 Nbd7 14. Nxb7 Qc7 {White must now prevent ...Rb8.} 15. a4 $2 ({Better is} 15. Nd6+ $15 Qxd6 16. Bxa8) 15... Rb8 $19 16. Rb1 {[#] Ba3 is the strong threat.} Nb6 $2 (16... e4 $1 $19 {[%mdl 512]} 17. Bxe4 O-O) 17. a5 $1 $36 {[%cal Ra5b6][%mdl 2048] White is pushing.} Rxb7 18. axb6 Rxb6 {[#]} (18... axb6 $14 19. Ba3 Ra7) 19. Ba3 $1 $16 Nd7 20. O-O {[%mdl 1024] White has strong compensation.} f6 {Accuracy: White = 50%, Black = 42%.} 1/2-1/2

[Event "10th LCC FIDE Open 2018"]
[Site "London"]
[Date "2018.12.10"]
[Round "3"]
[White "Taylor, Adam C"]
[Black "Sperling, Lennart"]
[Result "1-0"]
[WhiteElo "2331"]
[BlackElo "2116"]
[Annotator "TA"]
[PlyCount "117"]
[EventDate "2018.12.09"]
[EventType "swiss"]
[EventCountry "ENG"]
[SourceTitle "playchess.com"]
[Source "ChessBase"]
[SourceQuality "1"]

{[%evp 14,117,6,-10,-10,-18,26,23,29,16,54,55,58,48,49,0,0,0,0,0,0,0,0,-33,-35,-23,-12,-24,-5,-5,0,-4,0,-29,0,-13,0,0,0,-6,-6,-6,-6,-6,-6,-6,-7,-6,0,0,0,0,0,0,0,-4,0,0,0,-15,0,0,17,17,17,0,0,-8,0,0,17,17,17,0,60,37,436,136,435,410,406,396,423,402,384,348,451,533,690,682,1343,1402,1368,1366,1256,999,1133,1198,1456,1385,5097,1097,3043,4941,1863,2577]} 1. Nf3 Nf6 2. g3 d5 3. c4 c6 4. cxd5 cxd5 5. Bg2 Nc6 6. O-O Bf5 7. d3 {A11: English Opening: 1...c6} e6 8. Be3 {LiveBook: 3 Games} Bd6 (8... Be7 9. Qb3 Qd7 10. Nd4 Nxd4 11. Bxd4 O-O 12. Nc3 Bg6 13. Rfd1 Bd6 14. Nb5 Bb8 15. Bxf6 gxf6 {½-½ (35) Aronian,L (2785)-Carlsen,M (2840) Doha 2016}) 9. Qb3 {The position is equal.} Qe7 10. Nc3 O-O $146 ({Predecessor:} 10... a6 11. Nd4 Bg6 12. Rac1 O-O 13. Nxc6 bxc6 14. Na4 Rab8 {0-1 (37) Taylor,A (2212)-Ledger,A (2377) Hastings 2017}) 11. Rac1 Rac8 12. Nb5 b6 13. Nxd6 Qxd6 14. Nd4 Nxd4 15. Bxd4 e5 16. Bc3 {Bb4 is the strong threat.} Rfd8 17. Qa4 Bd7 18. Qh4 ({Don't go for} 18. Qxa7 $2 Ra8 $19) 18... d4 19. Bd2 Rxc1 20. Rxc1 Rc8 21. Rxc8+ Bxc8 22. f4 h6 23. Bf3 Be6 (23... e4 $5 24. dxe4 d3 $11) 24. b3 Bd5 25. fxe5 Qxe5 {And now ...Bxf3 would win.} 26. Qf4 Qxf4 27. Bxf4 Bxf3 28. exf3 $11 {[%mdl 4096] Endgame KB-KN} Nd7 29. Kf1 f6 30. Bc1 Ne5 31. Ke2 Nc6 32. g4 Kf7 33. Ba3 g6 34. Bd6 b5 35. Bc5 f5 36. gxf5 gxf5 37. Kf2 Kg6 38. Kg3 a6 39. Kf4 Kf6 40. Bd6 h5 41. Bc5 Kg6 42. b4 Kf6 43. a3 h4 (43... Ke6 $11) 44. Bb6 $14 Kg6 $2 {[%mdl 8192]} (44... Ke6 $14) 45. Bc7 $2 (45. h3 $1 $18 {and the rest is easy.} Kf6 46. Bc7) 45... Kf6 $2 {[%mdl 8192] [#]} (45... h3 $16 {is a better defense.} 46. Kg3 Kg5 47. Kxh3 f4) 46. h3 $1 $18 Kg6 {[#] intending ...Kf6.} 47. Be5 $1 {[%cal Re5h8]} Nd8 {[%cal Rd8e6]} 48. Bxd4 Ne6+ 49. Ke3 f4+ 50. Ke4 {White is clearly winning.} Ng5+ 51. Kxf4 Nxh3+ 52. Kg4 {[%mdl 64] Double Attack} Ng5 53. f4 h3 54. Be5 Nf7 55. f5+ Kh7 56. Bf4 Nh6+ 57. Kg5 Nf7+ 58. Kf6 Nh6 59. Ke6 {Accuracy: White = 62%, Black = 38%.} 1-0

[Event "10th LCC FIDE Open 2018"]
[Site "London"]
[Date "2018.12.10"]
[Round "3"]
[White "Derakhshani, Borna"]
[Black "Janik, Igor"]
[Result "1/2-1/2"]
[WhiteElo "2325"]
[BlackElo "2476"]
[Annotator "TA"]
[PlyCount "62"]
[EventDate "2018.12.09"]
[EventType "swiss"]
[EventCountry "ENG"]
[SourceTitle "playchess.com"]
[Source "ChessBase"]
[SourceQuality "1"]

{[%evp 24,62,36,58,63,50,56,53,53,61,63,63,62,67,67,67,68,52,67,49,50,47,52,51,49,54,71,72,77,41,52,41,48,43,42,35,58,41,38,40,61]} 1. Nf3 Nf6 2. c4 b6 3. g3 Bb7 4. Bg2 e6 5. b3 Be7 6. Bb2 O-O 7. O-O d5 8. e3 c5 9. cxd5 Nxd5 10. d4 Nc6 11. Nc3 Ba6 {A14: English Opening: 1...e6 with b3 by White} (11... Ncb4 12. Nxd5 Nxd5 13. dxc5 Bxc5 14. Nd4 Qe7 15. Qe2 Rfd8 16. Rfd1 Rac8 17. Rac1 Ba3 18. Nb5 Bxb2 19. Qxb2 {½-½ (60) Tsoi,D (2429)-Esipenko,A (2609) Sochi 2018}) 12. Nxd5 exd5 13. Re1 {LiveBook: 24 Games} Bf6 14. Ba3 Nb4 $146 ({Predecessor:} 14... Re8 15. Rc1 Nb4 16. Bxb4 cxb4 17. Qd2 Qd6 18. Rc2 Bb5 {½-½ (35) Braun,J-Wallinger,M Germany 1996}) 15. Bxb4 cxb4 16. Ne5 Qd6 17. Nd3 Rac8 18. Nf4 Bb7 19. Qf3 {[%cal Rf4d5]} Rfd8 20. Rac1 Rc7 21. Ne2 Rdc8 22. Rxc7 Qxc7 23. Bh3 Rd8 24. Rc1 Bc6 25. Nf4 {[%cal Be2f4,Bf4d3,Bd3e5][%mdl 32]} Qb7 26. Qe2 g6 {White is slightly better.} 27. Qc2 Rd6 $1 28. Nd3 a5 29. Ne5 {[%cal Re5c6]} Bb5 30. Bf1 Be8 31. Qc8 Qxc8 {Accuracy: White = 55%, Black = 71%.} 1/2-1/2

[Event "10th LCC FIDE Open 2018"]
[Site "London"]
[Date "2018.12.10"]
[Round "3"]
[White "Kueppers, Timo"]
[Black "Thatte, Nishchal"]
[Result "1/2-1/2"]
[WhiteElo "2320"]
[BlackElo "1649"]
[Annotator "TA"]
[PlyCount "69"]
[EventDate "2018.12.09"]
[EventType "swiss"]
[EventCountry "ENG"]
[SourceTitle "playchess.com"]
[Source "ChessBase"]
[SourceQuality "1"]

{[%evp 23,69,67,60,66,84,70,98,60,88,61,79,21,20,22,12,20,62,4,23,-6,0,-70,-65,-77,-69,-73,-73,-68,-67,-73,-66,-66,-80,-67,-35,-81,-83,-77,-57,-51,-48,-56,-42,-58,-42,-66,-61,-60]} 1. d4 d5 2. c4 e6 3. Nc3 c5 4. cxd5 exd5 5. Nf3 Nc6 6. g3 Nf6 7. Bg2 Be7 8. O-O O-O 9. dxc5 Bxc5 10. a3 a6 11. b4 {D34: Tarrasch Defence: 6 g3 Nf6 7 Bg2 Be7} Be7 12. Bb2 Re8 {LiveBook: 3 Games} 13. Rc1 {White is slightly better.} Bf5 {[#]} 14. e3 $146 ({Predecessor:} 14. Nd4 Bg6 15. Na4 Ne5 16. Ne6 fxe6 17. Bxe5 Nd7 18. Bc7 {1-0 (33) Bernadskiy,V (2529)-Boricsev,O (2340) Lvov 2017}) 14... Rc8 15. Ne2 Be4 16. Qb3 Qd7 17. Ned4 (17. Nf4 $16) 17... Nxd4 $11 18. Nxd4 Bxg2 19. Kxg2 Red8 20. Qd3 ({Better is} 20. Rxc8 $14 Rxc8 21. Ne2) 20... Ne4 {[%cal Bf6e4,Be4f2,Bf2g4][%mdl 32]} 21. Rfd1 Rxc1 22. Rxc1 (22. Bxc1 $11 Bf6 23. Ne2) 22... Qh3+ $1 $15 23. Kg1 $1 {[#]} Nxf2 $1 {[%mdl 512]} 24. Qf5 (24. Kxf2 Qxh2+) 24... Ng4 {[%mdl 64] Double Attack} 25. Nf3 {[#]} Qg2+ $1 {[%mdl 576] Decoy} 26. Kxg2 Nxe3+ {[%mdl 64] Double Attack} 27. Kf2 Nxf5 28. Rc7 Kf8 29. g4 Nd6 30. Bxg7+ Kxg7 31. Rxe7 {Black is slightly better.} Kf6 32. Re5 Rd7 33. Kg3 Nc4 34. Rf5+ Kg7 35. Rg5+ {Accuracy: White = 52%, Black = 51%.} 1/2-1/2

[Event "10th LCC FIDE Open 2018"]
[Site "London"]
[Date "2018.12.10"]
[Round "3"]
[White "Wu, Li"]
[Black "Arkell, Keith C"]
[Result "1-0"]
[WhiteElo "2317"]
[BlackElo "2453"]
[Annotator "TA"]
[PlyCount "47"]
[EventDate "2018.12.09"]
[EventType "swiss"]
[EventCountry "ENG"]
[SourceTitle "playchess.com"]
[Source "ChessBase"]
[SourceQuality "1"]

{[%evp 17,47,66,100,90,167,114,159,104,111,103,199,104,165,152,421,420,386,343,937,910,1379,946,2000,2162,2213,2127,29987,29987,29988,29989,29987,29987]} 1. d4 d6 2. e4 g6 3. c4 Bg7 4. Nc3 Nc6 5. Be3 e5 6. d5 Nd4 7. Nge2 Nxe2 8. Bxe2 f5 9. exf5 Bxf5 {LiveBook: 20 Games. A42: Modern Defence: Averbakh Variation} (9... gxf5 10. Bh5+ Kf8 11. f4 e4 12. c5 Nf6 13. O-O Bd7 14. Rc1 b6 15. cxd6 cxd6 16. a4 Rc8 17. Be2 h5 {1-0 (58) Kuzubov,Y (2639)-Rakhmanov,A (2610) Dubai 2014}) 10. c5 Bh6 (10... h5 $16) 11. Qa4+ $146 ({Better is} 11. O-O $1 $18) ({Predecessor:} 11. cxd6 cxd6 12. Qa4+ Kf7 13. Qb4 Bxe3 14. fxe3 Qb6 15. Nb5 Rd8 16. Rc1 a6 17. Rc7+ {1-0 (51) Porat,S (2343)-Shevelev,D (2323) Ramat Aviv 2002}) 11... Bd7 $16 {[#]White is better.} 12. Qb4 (12. Qb3 $142 $1) 12... Bxe3 13. fxe3 {[%cal Bf2e3,Be3e4][%mdl 32]} dxc5 (13... a5 $16 14. Qc4 Nf6) 14. Qxb7 (14. Qxc5 $18 {And now Nb5 would win.} Rc8 15. O-O (15. Qxa7 Nf6 $16)) 14... Ne7 (14... Qb8 $16 15. Qxb8+ Rxb8) 15. O-O $36 {[%mdl 2048] Threatens to win with Nb5. White is really pushing.} Nf5 $2 {[#]} (15... Qb8 $16 16. Qa6 Qb6) 16. d6 $1 $18 {[%cal Rd6c7][%mdl 512]} cxd6 17. e4 Nd4 $2 {[#]} (17... Qc8 18. Qxc8+ Rxc8) 18. Bg4 $1 {[%cal Be2g4,Bg4e6,Be6d7][%mdl 544]} Ne6 (18... Bxg4 19. Qf7#) 19. Nb5 {[%mdl 64] Double Attack} Qb8 {[#]} 20. Nxd6+ $1 {[%mdl 512]} Kd8 (20... Qxd6 21. Qxa8+) 21. Qd5 {[%mdl 64] Double Attack} Kc7 22. Bxe6 {White mates.} Qb6 23. Rf7 Rad8 24. Bxd7 {Accuracy: White = 74%, Black = 17%.} 1-0

[Event "10th LCC FIDE Open 2018"]
[Site "London"]
[Date "2018.12.10"]
[Round "3"]
[White "Ronka, Erik"]
[Black "Pert, Richard G"]
[Result "0-1"]
[WhiteElo "2281"]
[BlackElo "2416"]
[Annotator "TA"]
[PlyCount "104"]
[EventDate "2018.12.09"]
[EventType "swiss"]
[EventCountry "ENG"]
[SourceTitle "playchess.com"]
[Source "ChessBase"]
[SourceQuality "1"]

{[%evp 21,104,33,42,41,52,19,70,71,75,64,68,-24,-25,-18,0,0,0,0,0,0,0,0,0,0,0,0,0,0,0,-140,-123,-131,-125,-128,-11,-19,-15,-16,-12,-16,-9,-16,-10,-13,-14,-48,0,-33,-34,-34,-40,-47,-7,-7,-7,-14,-15,-31,-31,-31,-31,-31,-31,-31,-31,-31,-31,-31,-31,-82,-81,-1084,-660,-29977,-29978,-29980,-29979,-29982,-29983,-29983,-29984,-29983,-29984,-29986,-29987]} 1. e4 c5 2. Nf3 d6 3. Bb5+ Nd7 4. d4 cxd4 5. Qxd4 a6 6. Bxd7+ Bxd7 7. c4 e5 8. Qd3 h6 9. Nc3 Nf6 10. O-O Be7 11. a4 {B51: Sicilian: Moscow Variation (3 Bb5+) without 3...Bd7} O-O {LiveBook: 26 Games} 12. Rd1 (12. b3 Be6 13. Be3 Ng4 14. Rfd1 Nxe3 15. Qxe3 Rc8 16. Nxe5 Bg5 17. f4 Bxf4 18. Qxf4 dxe5 19. Rxd8 exf4 20. Rxc8 Rxc8 {½-½ (32) Anand,V (2779)-Topalov,V (2760) Saint Louis 2016}) 12... Bg4 $146 ({Predecessor:} 12... Be6 13. b3 b5 14. Ba3 bxc4 15. bxc4 {1-0 (76) Jones,G (2648)-Eggleston,D (2399) England 2014}) 13. b3 {White is slightly better.} Qe8 (13... b5 $11) 14. Ba3 $14 Rd8 15. Rd2 Rd7 16. Rad1 (16. Nh4 $14) 16... d5 $1 $11 {[%cal Rd5e4]} 17. Bxe7 dxe4 18. Qe3 Rxe7 19. Nxe4 Nxe4 20. Qxe4 f5 $36 {[%mdl 2048] Black has the initiative.} 21. Qd5+ Kh7 {[#] White must now prevent ...e4.} 22. h3 Bh5 23. Qc5 $1 Bxf3 24. gxf3 e4 25. fxe4 (25. Rd8 $11 {keeps the balance.} Qg6+ 26. Kf1) 25... fxe4 $17 {Strongly threatening ...Rf3.} 26. Rd8 Qg6+ 27. Kh1 {[#]} Rxd8 ({Better is} 27... Rf3 $1 $17 {[%cal Rf3h3][%mdl 512]} 28. Qc8 Qe6 29. Rh8+ Kg6 30. Rg1+ Kh5 31. Qxe6 Rxe6) 28. Rxd8 {[%mdl 4096] Endgame KQR-KQR} Qf6 29. Qe3 Qa1+ 30. Kh2 Re6 {Hoping for ...Rg6.} 31. f4 Rg6 32. Rd2 Qf1 33. Qf2 Qc1 34. Re2 Rd6 35. Qe3 Qxe3 36. Rxe3 $15 {KR-KR} Rd3 37. Rxe4 Rxb3 38. c5 Kg6 39. c6 bxc6 40. Re6+ Kf5 41. Rxc6 a5 42. Rc5+ Kxf4 {...Rb2+ is the strong threat.} 43. Rxa5 Rb2+ 44. Kg1 Kg3 {[%cal Rb2b1]} 45. Kf1 (45. Rb5 $15 Rg2+ 46. Kh1) 45... Kxh3 $17 {And now ...g5 would win.} 46. Ra7 $2 {[%mdl 8192]} (46. Ra6 $17) 46... g5 $19 {[%cal Bg7g5,Bg5g4,Bg4g3][%mdl 32]} 47. a5 h5 {[%cal Bh6h5,Bh5h4][%mdl 32] Black mates.} 48. a6 Ra2 49. Rg7 g4 50. a7 g3 51. Rg5 h4 52. Rg7 Kh2 {Accuracy: White = 41%, Black = 75%.} 0-1